Justicia Municipal / (Registro nro. 112493)

Detalles MARC
000 -LEADER
campo de control de longitud fija 00642nam a2200193 4500
001 - NÚMERO DE CONTROL
campo de control 112493
003 - IDENTIFICADOR DE NÚMERO DE CONTROL
campo de control ES-MaACL
005 - FECHA Y HORA DE LA ÚLTIMA TRANSACCIÓN
campo de control 20250809054509.0
007 - CAMPO FIJO DE DESCRIPCIÓN FÍSICA--INFORMACIÓN GENERAL
campo de control de longitud fija t|
008 - DATOS DE LONGITUD FIJA--INFORMACIÓN GENERAL
campo de control de longitud fija 061121s1956 sp r ||||1| spa d
100 1# - ENTRADA PRINCIPAL--NOMBRE DE PERSONA
Nombre de persona Muñoz y Núñez de Prado, Jesús.
9 (RLIN) 84517
245 10 - MENCIÓN DEL TÍTULO
Título Justicia Municipal /
Mención de responsabilidad, etc. J. Muñoz y Núñez de Prado.
260 ## - PUBLICACIÓN, DISTRIBUCIÓN, ETC.
Lugar de publicación, distribución, etc. Madrid :
Nombre del editor, distribuidor, etc. Revista de Derecho Privado-Pablo López,
Fecha de publicación, distribución, etc. 1956.
300 ## - DESCRIPCIÓN FÍSICA
Extensión XII, 374 p. ;
Dimensiones 19 cm.
490 1# - MENCIÓN DE SERIE
Mención de serie Formulario de la Revista de Derecho Privado
830 00 - PUNTO DE ACCESO ADICIONAL DE SERIE-TÍTULO UNIFORME
Título uniforme Formulario de la Revista de derecho privado
9 (RLIN) 233129
852 ## - LOCALIZACIÓN
Ubicación ES-MaACL
Número de control de estantería C-10589
Sublocalización o colección R.38439
Existencias
Estatus retirado Estado de pérdida Estado de daño No para préstamo Biblioteca de origen Biblioteca actual Ubicación en estantería Fecha de adquisición Fuente de adquisición Total de préstamos Signatura topográfica completa Código de barras Visto por última vez Precio de reemplazo Tipo de ítem Koha
        Biblioteca del Ateneo de Madrid Biblioteca del Ateneo de Madrid Sala Palomar 17/01/2008     C-10589 1117345 23/02/2023 23/02/2023 Libro impreso